000 00269nam a22001217a 4500
008 170207b xxu||||| |||| 00| 0 eng d
041 _aeng
080 _a61
100 _a4
101 _ashm
245 _aSANAPIA COMACHE MEDICINE WOMEN
_cDAVID JONES
942 _2udc
_cBK
999 _c4819
_d4819